000 00431nam a2200181Ia 4500
001 15298
005 20260306170145.0
008 260306t2004||||xx |||||||||||||| ||und||
041 _aESP
082 _a531.12
_bH441 2004
100 _aHibbeler, Russel C.
_eAUT
245 0 _aMecánica vectorial para ingenieros:
_bestática
260 _c2004
300 _a
_c
650 _aGEN
654 _aCCN
942 _cLIB
_dJUS
_fJUS
_2ddc
_n
999 _c15298
_d15298